Etimología vortaro de esperanto. Volumo 1: A - D
Salvato in:
| Autore principale: | |
|---|---|
| Natura: | Libro |
| Lingua: | Spanish |
| Pubblicazione: |
Malmo, Suecia
Eldona Societo Esperanto
1989
|
| Soggetti: | |
| Tags: |
Aggiungi Tag
Nessun Tag, puoi essere il primo ad aggiungerne!!
|
MARC
| LEADER | 00000nam a22000007a 4500 | ||
|---|---|---|---|
| 008 | 180518b xxu||||| |||| 00| 0 spa d | ||
| 040 | |a cru BVZT | ||
| 090 | |a R-413 V-1e v.1 (A-D) | ||
| 100 | |a Vilborg, Ebbe | ||
| 245 | |a Etimología vortaro de esperanto. Volumo 1: A - D |c Ebbe Vilborg | ||
| 260 | |a Malmo, Suecia |b Eldona Societo Esperanto |c 1989 | ||
| 300 | |a 104 páginas. Vol. 1: A - D | ||
| 650 | |a REFERENCIA |9 27 | ||
| 650 | |a EN IDIOMA ESPERANTO | ||
| 650 | |a ETIMOLOGÍA VORTARO DE ESPERANTO | ||
| 650 | |a VOLUMO 1: A - D | ||
| 942 | |2 z |c REF | ||
| 999 | |c 30504 |d 30504 | ||
